A commentary on St. Paul's epistles to the Ephesians, Philippians, Colossians, and to Philemon. (Record no. 5813)

000 -LEADER
fixed length control field 00874nam a2200217 a 4500
001 - CONTROL NUMBER
control field :::00003555$&:&@@
003 - CONTROL NUMBER IDENTIFIER
control field OkBaRHE
005 - DATE AND TIME OF LATEST TRANSACTION
control field 20110415115428.0
008 - FIXED-LENGTH DATA ELEMENTS--GENERAL INFORMATION
fixed length control field j 000 0 eng u
040 ## - CATALOGING SOURCE
Transcribing agency
100 1# - MAIN ENTRY--PERSONAL NAME
Personal name Beet, J. Agar (Joseph Agar), 1840-1924.
245 12 - TITLE STATEMENT
Title A commentary on St. Paul's epistles to the Ephesians, Philippians, Colossians, and to Philemon.
260 ## - PUBLICATION, DISTRIBUTION, ETC. (IMPRINT)
Place of publication, distribution, etc Salem, OH., :
Name of publisher, distributor, etc Schmul Publishing Co.
Date of publication, distribution, etc nd
300 ## - PHYSICAL DESCRIPTION
Extent 413 p. ;
Dimensions 21 cm.
650 ## - SUBJECT ADDED ENTRY--TOPICAL TERM
Topical term or geographic name as entry element Bible New Testament Colossians
General subdivision Commentaries
650 ## - SUBJECT ADDED ENTRY--TOPICAL TERM
Topical term or geographic name as entry element Bible New Testament Ephesians
General subdivision Commentaries
650 ## - SUBJECT ADDED ENTRY--TOPICAL TERM
Topical term or geographic name as entry element Bible New Testament Philemon
General subdivision Commentaries
650 ## - SUBJECT ADDED ENTRY--TOPICAL TERM
Topical term or geographic name as entry element Bible New Testament Philippians
General subdivision Commentaries
942 ## - ADDED ENTRY ELEMENTS (KOHA)
Source of classification or shelving scheme
Koha item type Books
Copies
Permanent Location Date checked out Damaged status Not for loan Shelving location Full call number Copy number Current Location Koha item type Price effective from Source of classification or shelving scheme Date last seen Total Checkouts Withdrawn status Barcode Date acquired Lost status
RHEMA Bible Training College2011-04-06  General StacksBS 2695 .B411RHEMA Bible Training CollegeBooks2010-04-14 2018-04-031 35552010-04-14